Les Pays de la Loire de A à Z - Statistiques

Statistiques générales
  • Ce quiz a été pris 38 fois
  • Le résultat moyen est 13 sur 26
Statistiques - réponses
Lettre Question Réponse % Correct
R Quelle est la couleur du mouchoir de Cholet ? Rouge
97%
N Plus grande ville de la région Nantes
94%
A Cette ancienne province forme l'essentiel du Maine-et-Loire Anjou
88%
H Le plus important festival de musique métal se déroule à Clisson, il est connu sous le nom de Hellfest
88%
P Au sud de la Vendée se trouve le marais Poitevin
88%
Y Le maréchal Pétain y est mort en 1951. Il s'agit de l'île d' Yeu
85%
F Un festival de la région de Nantes se nomme La (...) journée Folle
79%
M La Maine se forme à Angers par réunion de la Sarthe et de la Mayenne
79%
S La ville est connue pour avoir longtemps accueilli le Cadre noir Saumur
74%
Q Elles accompagnaient Christine, auteur-compositeur-interprète née à Nantes en 1988 Queens
71%
G Comment se nomme le chemin d'accès à l'île de Noirmoutier ? Gois
62%
T Que peut-on voir qui évoque l'Apocalypse au château d'Angers ? Tapisserie
59%
I Avant de devenir Atlantique, la Loire-Atlantique était Inférieure
56%
J Cette côte se trouve entre la Loire et l'île de Noirmoutier Jade
53%
B Le grand prix moto de France se déroule chaque année au Mans sur le circuit Bugatti
47%
V Cette région est classée au titre de patrimoine par l'UNESCO (3 mots) Val de Loire
35%
C Le 17 octobre 1793, une terrible bataille s'y déroule Cholet
32%
E Le parc du Puy du Fou se trouve sur cette commune Epesses
32%
W Quelle marque d'éléctro-ménager est associé à Europe 2 en 1996/1997 pour parrainer le bateau de Catherine Chabaud Whirlpool
32%
U Nom du festival de science-fiction de Nantes Utopiales
26%
L On nomme ainsi la côte vendéenne Lumière
18%
Z Ce festival de musiques actuelles se déroule à Chémillé et Cholet. Les... Z'éclectiques
12%
D Ce navigateur français a gagné deux fois le Vendée Globe (prénom et nom) Michel Desjoyeaux
9%
O A Saint-Florent-le-Vieil (49) se déroule un festival appelé Les... Orientales
9%
X On peut voir dans cette commune de Vendée la Pierre Virante, un monument mégalithique Xanton-Chassenon
6%
K En 2001, Ellen MacArthur termine 2e du Vendée Globe avec le bateau Kingfisher
0%
Aucun quiz correspondant
Distribution des résultats
% des personnes avec chaque résultat
Percentile par nombre de réponses
Votre historique - résultats
Vous n’avez pas pris ce quiz